Call of Duty League - Major winners - Statistics

General Stats
  • This quiz has been taken 75 times
  • The average score is 21 of 35
Answer Stats
Hint Answer % Correct
Season 2020 - Week 1 Atlanta Faze
90%
Season 2023 - Regular Atlanta Faze
81%
Season 2023 - Champs New York Subliners
79%
Season 2023 - Major II Atlanta Faze
75%
Season 2022 - Champs LA Thieves
71%
Season 2023 - Major I New York Subliners
71%
Season 2021 - Champs Atlanta Faze
69%
Season 2022 - Regular Atlanta Faze
69%
Season 2020 - Week 2 Chicago Huntsmen
69%
Season 2023 - Major V New York Subliners
69%
Season 2023 - Major IV LA Thieves
67%
Season 2023 - Major III Toronto Ultra
67%
Season 2020 - Week 3 Atlanta Faze
65%
Season 2020 - Champs Dallas Empire
65%
Season 2022 - Major IV LA Thieves
65%
Season 2022 - Major I Optic Texas
65%
Season 2020 - Regular Atlanta Faze
63%
Season 2021 - Major I Atlanta Faze
63%
Season 2021 - Major III Atlanta Faze
63%
Season 2021 - Regular Atlanta Faze
63%
Season 2021 - Major IV Atlanta Faze
58%
Season 2021 - Major II Toronto Ultra
56%
Season 2020 - Week 8 Chicago Huntsmen
54%
Season 2020 - Week 4 Dallas Empire
54%
Season 2022 - Major II LA Guerillas
54%
Season 2021 - Major V Minnesot Røkkr
54%
Season 2020 - Week 7 Atlanta Faze
52%
Season 2020 - Week 6 Dallas Empire
48%
Season 2022 - Major III Seattle Surge
48%
Season 2020 - Week 5 Florida Mutineers
46%
Season 2020 - Week 9 Florida Mutineers
46%
Season 2020 - Week 12 Dallas Empire
44%
Season 2020 - Week 13 Toronto Ultra
44%
Season 2020 - Week 10 Florida Mutineers
42%
Season 2020 - Week 11 New York Subliners
42%
No matching quizzes found
Score Distribution
Percent of People with Each Score
Percentile by Number Answered
Your Score History
You have not taken this quiz